Нравственная энциклопедия, содержащая обязанности человека в общежитии, или Экономия гражданской жизни (Запись № 5149053)

Подробности
000 -МАРКЕР
контрольное поле 02207nam1a22003971 4500
001 - ИДЕНТИФИКАТОР ЗАПИСИ
контрольное поле v19\rc\2113563
005 - ИДЕНТИФИКАТОР ВЕРСИИ
контрольное поле 20250605114900.0
035 ## - ДРУГИЕ СИСТЕМНЫЕ НОМЕРА
Идентификатор записи (NLR Aleph) 005183650
100 ## - ДАННЫЕ ОБЩЕЙ ОБРАБОТКИ
Данные общей обработки 20090914d1804 |||y0rusy50 ca
101 1# - ЯЗЫК РЕСУРСА
Язык текста, звукозаписи и т.д. русский
Язык промежуточного перевода французский
Язык оригинала английский
102 ## - СТРАНА ПУБЛИКАЦИИ ИЛИ ПРОИЗВОДСТВА
Страна публикации Российская Федерация
140 ## - ПОЛЕ КОДИРОВАННЫХ ДАННЫХ: СТАРОПЕЧАТНЫЕ ИЗДАНИЯ - ОБЩАЯ ИНФОРМАЦИЯ
Кодированные данные о старопечатном издании - Основные y y fgkb yaa0000
200 1# - ЗАГЛАВИЕ И СВЕДЕНИЯ ОБ ОТВЕТСТВЕННОСТИ
Основное заглавие Нравственная энциклопедия, содержащая обязанности человека в общежитии, или Экономия гражданской жизни
Сведения, относящиеся к заглавию Перевод с французскаго
210 ## - ПУБЛИКАЦИЯ, РАСПРОСТРАНЕНИЕ И ДР.
Место издания, распространения и т.д. Москва
Имя издателя, распространителя и т. д. в типографии Ф. Гиппиуса
Дата издания, распространения и т.д. 1804
215 ## - ФИЗИЧЕСКАЯ ХАРАКТЕРИСТИКА
Размеры 12° (16 см)
300 ## - ОБЩИЕ ПРИМЕЧАНИЯ
Текст примечания Ценз.: Моск. ун-та ценз. ком.
300 ## - ОБЩИЕ ПРИМЕЧАНИЯ
Текст примечания На с.[3-6] ч.1 посвящ. пер. Г.А.Шабалину с подписью: М[осковского] у[ниверситета] с[тудент] И-ъ Красовский
300 ## - ОБЩИЕ ПРИМЕЧАНИЯ
Текст примечания Авторство приписывалось Р. Додсли, а также Ф. Честерфилду (ч. 1) и Дж. Хиллу (ч. 2)
300 ## - ОБЩИЕ ПРИМЕЧАНИЯ
Текст примечания Загл. оригинала: The economy of human life
300 ## - ОБЩИЕ ПРИМЕЧАНИЯ
Текст примечания Пер. также под загл.: Китайский мудрец; Книга премудрости и добродетели; Мысли о таинстве натуры и истины; Экономия жизни человеческой
321 1# - ПРИМЕЧАНИЯ ОБ ОТДЕЛЬНО ИЗДАННЫХ УКАЗАТЕЛЯХ / РЕФЕРАТАХ / ССЫЛКАХ, ОТРАЖАЮЩИХ КАТАЛОГИЗИРУЕМЫЙ ДОКУМЕНТ
Примечания об указателях, рефератах, ссылках СК 1801-1825 5822
517 0# - ДРУГИЕ ВАРИАНТЫ ЗАГЛАВИЯ
Вариант заглавия Экономия гражданской жизни
620 ## - МЕСТО И ДАТА ПУБЛИКАЦИИ, ИСПОЛНЕНИЯ И Т. Д.
Страна Москва
702 #1 - ИМЯ ЛИЦА - ВТОРИЧНАЯ ОТВЕТСТВЕННОСТЬ
Начальный элемент ввода Гиппиус
Часть имени, кроме начального элемента ввода Ф.
Даты 18 в.
Расширение инициалов личного имени Фридрих
Идентификатор авторитетной/нормативной записи RU\NLR\AUTH\770234485
Код отношения Печатник (типограф)
702 #1 - ИМЯ ЛИЦА - ВТОРИЧНАЯ ОТВЕТСТВЕННОСТЬ
Начальный элемент ввода Додсли
Часть имени, кроме начального элемента ввода Р.
Даты 1703-1764
Расширение инициалов личного имени Роберт
Идентификатор авторитетной/нормативной записи RU\NLR\AUTH\770205557
Код отношения Неподтвержденный автор
702 #1 - ИМЯ ЛИЦА - ВТОРИЧНАЯ ОТВЕТСТВЕННОСТЬ
Начальный элемент ввода Честерфилд
Часть имени, кроме начального элемента ввода Ф. Д. С.
Даты 1694-1773
Расширение инициалов личного имени Филип Дормер Стенхоп
Идентификатор авторитетной/нормативной записи RU\NLR\AUTH\7711862
Код отношения Неподтвержденный автор
702 #1 - ИМЯ ЛИЦА - ВТОРИЧНАЯ ОТВЕТСТВЕННОСТЬ
Начальный элемент ввода Хилл
Часть имени, кроме начального элемента ввода Д.
Расширение инициалов личного имени Дж.
Код отношения Неподтвержденный автор
702 #1 - ИМЯ ЛИЦА - ВТОРИЧНАЯ ОТВЕТСТВЕННОСТЬ
Начальный элемент ввода Красовский
Часть имени, кроме начального элемента ввода И.
Код отношения Переводчик
712 00 - НАИМЕНОВАНИЕ ОРГАНИЗАЦИИ - ВТОРИЧНАЯ ОТВЕТСТВЕННОСТЬ
Начальный элемент ввода Гиппиус,
Инверсированный элемент Ф.,
Часть наименования, отличная от начального элемента ввода и от инверсированного элемента типография
Идентифицирующий признак Москва
Идентификатор авторитетной/нормативной записи RU\NLR\AUTH\880426164
Код отношения Печатник (типограф)
801 #0 - ИСТОЧНИК ЗАПИСИ
Страна Российская Федерация
Организация NLR
Правила каталогизации psbo
801 #1 - ИСТОЧНИК ЗАПИСИ
Страна Российская Федерация
Организация ProSoft-M
Источник данных rusmarc
852 ## - МЕСТОНАХОЖДЕНИЕ И ШИФР ХРАНЕНИЯ
Идентификатор организации NLR
Шифр хранения (Call Number) 18.76.4.41
942 ## - ДОПОЛНИТЕЛЬНЫЕ ЭЛЕМЕНТЫ ЗАПИСИ (АБИС)
Тип экземпляра АБИС Книга
980 ## - КОЛЛЕКЦИЯ
Название коллекции Национальная библиография

Нет доступных экземпляров.